Ligne 11 du Métro de Paris - Statistiques

Statistiques générales
  • Ce quiz a été pris 83 fois
  • Le résultat moyen est 14 sur 19
Statistiques - réponses
Stations Correspondances % Correct
Châtelet M1 4 7 14 / RER A B D
100%
Hôtel de Ville M1
95%
République M3 5 8 9
95%
Arts et Métiers M3
90%
Belleville M2
90%
Porte des Lilas M3bis / T3b
88%
Jourdain
83%
Mairie des Lilas
83%
Rambuteau (Centre Pompidou)
83%
Goncourt (Hôpital Saint-Louis)
81%
Pyrénées
79%
Télégraphe
71%
Place des Fêtes M7bis
69%
Rosny—Bois-Perrier M15 / RER E
69%
Serge Gainsbourg
64%
Romainville—Carnot
50%
Montreuil—Hôpital
48%
La Dhuys
45%
Coteaux Beauclair
36%
Aucun quiz correspondant
Distribution des résultats
% des personnes avec chaque résultat
Percentile par nombre de réponses
Votre historique - résultats
Vous n’avez pas pris ce quiz